000 01077 a2200253 4500
003 Nust
005 20221121084810.0
010 _a 2009019292
020 _a0131854755
020 _a9780131854758 (alk. paper)
035 _a(OCoLC)ocn148902895
040 _cNust
082 0 0 _a005.8,PAN
100 1 _aPanko, R. R.
_9100074
245 1 0 _aCorporate computer and network security /
_cRaymond R. Panko.
250 _a2nd ed.
260 _aBoston :
_bPrentice Hall,
_cc2010.
300 _axxv, 502 p. :
_bill. ;
_c24 cm.
505 _aPart-1: History of Modern Communications (Page-1), Part-2: Driving Technologies: Completing and Complementary (Page-35), Part-3: The Wireless Internet Market (Page-81), Part-4: Wireless Internet Applications Services and Access (Page-107), Part-5: Billing and Security Issues (Page-153), Part-6: Communication Past and Future (Page-173).
650 0 _aComputer networks
_xSecurity measures.
_9466
650 0 _aComputer security.
_9570
650 0 _aElectronic data processing departments
_xSecurity measures.
_995063
942 _2ddc
_cBK
999 _c189133
_d189133